000 00329 a2200157 4500
001 156393
020 _a9788510063531
040 _cEscola São Tomás de Aquino
100 _aBUENO, Elaine
240 1 0 _aExperimentos
_lpor
245 1 0 _aExperimentos
300 _a47
362 0 _a2016
697 _aCIÊNCIAS
942 _cBK
999 _c156393
_d156393